Medical Features of the Papyrus Ebers

محفوظ في:

المؤلف الرئيسي: Carl H. Von Klein

التنسيق: كتاب

اللغة: Undetermined

منشور في: U.S.A Chicago 2009

الوسوم: إضافة وسم

لا توجد وسوم, كن أول من يضع وسما على هذه التسجيلة!

رقم الطلب: (P)R127.5 .K67

LEADER 00341nam a2200133Ia 4500
008 240503s9999||||xx |||||||||||||| ||und||
020 |a 9781172259366 
050 4 |a (P)R127.5 .K67 
100 1 |a Carl H. Von Klein 
245 1 0 |a Medical Features of the Papyrus Ebers 
264 1 |a U.S.A  |b Chicago  |c 2009 
300 |a 20  |c 25 
942 |2 lcc  |c PT 
999 |c 58266  |d 58266